| 000 | 00564nam a2200157Ia 4500 | ||
|---|---|---|---|
| 008 | 160316s1983 xxu||||| |||| 00| 0 eng d | ||
| 082 |
_a344.010000 _bLIN |
||
| 100 | _a | ||
| 245 | _aLinks between training and employment with particular reference to the vocational integration problems of young people and other groups of persons with special problems | ||
| 250 | _a | ||
| 260 |
_aStrasbourg _bCouncil of Europe _c1983 |
||
| 300 |
_a35p _b _c |
||
| 365 | _b | ||
| 650 | _a1.Integrated Training - Youths - Employment Purposes - European Countries | ||
| 700 |
_a _a |
||
| 999 |
_c17869 _d17869 |
||